| 000 | 01040cam a22003254a 4500 | ||
|---|---|---|---|
| 001 | 2342 | ||
| 005 | 20250703084013.0 | ||
| 020 | _a0590672959 | ||
| 020 | _a078073003990 | ||
| 020 | _a078073003990 | ||
| 040 |
_aDLC _cDLC _dDLC _beng |
||
| 050 | _aQR57.K38 | ||
| 082 | _a616.01 | ||
| 100 | 1 | _aKatz, Bobbi | |
| 245 | 1 | 0 |
_aGerms! germs! germs! / _cby Bobbi Katz ; illustrated by Steve Björkman. |
| 250 | _aFirst Scholastic printing, November 1996 | ||
| 260 |
_aNew York : _bScholastic, _c1996 |
||
| 300 |
_a37 unnumbered pages : _billustrations _c23 cm |
||
| 505 | _aH | ||
| 520 | _aGerms describe in rhyme how they attack the body to cause illness and how careful people make life difficult for germs. | ||
| 521 |
_a430 _bLexile |
||
| 521 |
_aH
_bLexile |
||
| 650 | 0 |
_aBacteria _vJuvenile literature. |
|
| 650 | 0 |
_aViruses _vJuvenile literature. |
|
| 650 | 1 | _aBacteria. | |
| 650 | 1 | _aViruses. | |
| 700 | 1 |
_aBjörkman, Steve _eillustrator |
|
| 906 |
_a7 _bcbc _corignew _d1 _eocip _f19 _gy-gencatlg |
||
| 942 |
_2ddc _cBK _n0 |
||
| 999 |
_c2342 _d2342 |
||